<?xml version="1.0" encoding="UTF-8"?><?xml-stylesheet type="text/xsl" href="static/style.xsl"?><OAI-PMH xmlns="http://www.openarchives.org/OAI/2.0/" xmlns:xsi="http://www.w3.org/2001/XMLSchema-instance" xsi:schemaLocation="http://www.openarchives.org/OAI/2.0/ http://www.openarchives.org/OAI/2.0/OAI-PMH.xsd"><responseDate>2026-06-01T06:25:30Z</responseDate><request verb="GetRecord" identifier="oai:riuma.uma.es:10630/16066" metadataPrefix="marc">https://riuma.uma.es/rest/oai/request</request><GetRecord><record><header><identifier>oai:riuma.uma.es:10630/16066</identifier><datestamp>2026-02-03T11:49:34Z</datestamp><setSpec>com_10630_2254</setSpec><setSpec>col_10630_37959</setSpec></header><metadata><record xmlns="http://www.loc.gov/MARC21/slim" xmlns:dcterms="http://purl.org/dc/terms/" xmlns:doc="http://www.lyncode.com/xoai" xmlns:xsi="http://www.w3.org/2001/XMLSchema-instance" xsi:schemaLocation="http://www.loc.gov/MARC21/slim http://www.loc.gov/standards/marcxml/schema/MARC21slim.xsd">
   <leader>00925njm 22002777a 4500</leader>
   <datafield ind2=" " ind1=" " tag="042">
      <subfield code="a">dc</subfield>
   </datafield>
   <datafield ind2=" " ind1=" " tag="720">
      <subfield code="a">Correa Arias, César</subfield>
      <subfield code="e">author</subfield>
   </datafield>
   <datafield ind2=" " ind1=" " tag="260">
      <subfield code="c">2018-06-28</subfield>
   </datafield>
   <datafield ind2=" " ind1=" " tag="520">
      <subfield code="a">El entrenamiento de habilidades para la investigación en Ciencias Sociales y las Humanidades ha sido un pilar y una responsabilidad en la construcción de pensamiento crítico. Corresponde tanto a los niveles más elementales de las actividades de pensamiento, al igual que representan el sustrato para construir diversas maneras de percibir y comprender la realidad social. &#xd;
&#xd;
Habilidades básicas como la percepción, la observación, la atención y la escucha, se conjugan con habilidades complejas como la interpretación, la aprehensión y la comprensión, pero además el uso y desarrollo de la imaginación narrativa y la identidad narrativa. Estas habilidades complejas son requeridas para la construcción de estructuras conceptuales, itinerarios categoriales que responden, en primer lugar, a la interpretación del testimonio de los sujetos sociales; y en segundo lugar, a la comprensión del entorno social. &#xd;
&#xd;
El presente seminario taller pretende desarrollar habilidades de investigación desde los juegos e itinerarios categoriales, con el fin de facilitar la construcción de marcos teóricos de estudiantes que estudios de posgrado en el dominio de las Ciencias Sociales y las Humanidades.</subfield>
   </datafield>
   <datafield ind1="8" ind2=" " tag="024">
      <subfield code="a">https://hdl.handle.net/10630/16066</subfield>
   </datafield>
   <datafield tag="653" ind2=" " ind1=" ">
      <subfield code="a">Ciencias sociales - Investigación</subfield>
   </datafield>
   <datafield ind2="0" ind1="0" tag="245">
      <subfield code="a">Itinerarios categoriales orientados a la construcción de marcos teóricos en la investigación en Ciencias Sociales</subfield>
   </datafield>
</record>
</metadata></record></GetRecord></OAI-PMH>